000 00567nam a2200229Ia 4500
003 OSt
005 20220918192834.0
006 a|||||r|||| 00| 0
007 ta
008 220917b |||||||| |||| 00| 0 eng d
024 _a70,669
037 _cTextual
040 _aARTS
_cARTS
_beng
041 _2eng
_aeng
082 _aR4xK32;1, H9;1
100 _aSpinoza Benedict De
245 0 _aEthics tr by Andrew Boyle
260 _c1949
650 _aETHICS
942 _hR4xK32;1, H9;1
_cTEXL
_2CC
999 _c196762
_d196762